| 000 | 00955nam a2200205 a 4500 | ||
|---|---|---|---|
| 008 | 120416s1971 ||||||||||||||||| || u | ||
| 020 | _a0900658339 | ||
| 050 | _aDT 25 Dav | ||
| 100 | _aDavidson, Basil, 1914- | ||
| 245 | 1 | 0 | _aAfrican Kingdoms |
| 260 |
_aNew York: _bTime-Life Books _c1971 |
||
| 300 | _a192p. : ill. | ||
| 350 | _a0.00 | ||
| 490 | _aGreat ages of man: a history of World's Cultures | ||
| 650 | 7 |
_aAFRICA _2fast |
|
| 650 | _aTEXTBOOKS | ||
| 995 |
_aMAIN LIBRARY OPEN ACCESS _D0.00 _e711409 _FCBU-MAIN LIBRARY (Kitwe) _H1 _I9.00 _jDT 25 Dav _M1 _UAVAILABLE _WAug 8, 2006 _y001366 _ZMain Library Open Access Collection |
||
| 995 |
_aBINDERY (DAMAGED) _D0.00 _e717996 _FCBU-MAIN LIBRARY (Kitwe) _H1 _I18.00 _jDT 25 Dav _M1 _UDAMAGED _WApr 27, 2006 _y001368 _ZMain Library Open Access Collection |
||
| 995 |
_aBINDERY (DAMAGED) _D0.00 _e717995 _FCBU-MAIN LIBRARY (Kitwe) _H2 _I9.00 _jDT 25 Dav _M2 _UDAMAGED _WAug 8, 2006 _y001367 _ZMain Library Open Access Collection |
||
| 999 |
_c83794 _d83794 |
||